| 000 | 02307nam a2200205 4500 | ||
|---|---|---|---|
| 999 |
_c4483 _d4483 |
||
| 020 | _a9780273694540 | ||
| 020 | _a0273694545 | ||
| 050 |
_aKD 5359 _b.3 |
||
| 100 | _aAlan Melville | ||
| 245 |
_aTaxation : Finance Act 2004 _cAlan Melville |
||
| 250 | _a10th ed. | ||
| 260 |
_aHarlow : _bFinancial Times Prentice Hall, _c 2005 |
||
| 300 |
_axiii, 638 p. ; _c 25 cm |
||
| 500 | _aIncludes Index | ||
| 505 | _aPART ONE: INCOME TAX AND NATIONAL INSURANCE Chapter 1: Introduction to the UK Tax System Chapter 2: Introduction to Income Tax Chapter 3: Personal Allowances Chapter 4: Charges on Income and other Payments Chapter 5: Income from Property Chapter 6: Investment Income and Miscellaneous Income Chapter 7: Income from Employment Chapter 8: Income from Self-Employment: Computation of Income Chapter 9: Income from Self-Employment: Basis Periods Chapter 10: Income from Self-Employment: Capital Allowances Chapter 11: Income from Self-Employment: Trading Losses Chapter 12: Income from Self-Employment: Partnerships Chapter 13: Pension Schemes Chapter 14: Payment of Income Tax, Surcharges, Interest and Penalties Chapter 15: National Insurance Contributions PART TWO: CAPITAL GAINS TAX Chapter 16: Introduction to Capital Gains Tax Chapter 17: Computation of Gains and Losses Chapter 18: Chattels and Wasting Assets Chapter 19: Shares and Securities (1) 20. Shares and Securities (2) 21. Principal Private Residences Chapter 22: CGT Reliefs PART THREE: CORPORATION TAX Chapter 23: Introduction to Corporation Tax Chapter 24: Computation and Payment of the Corporation Tax Liability Chapter 25: Income Tax and Advance Corporation Tax Chapter 26: Corporation Tax Losses Chapter 27: Close Companies and Investment Companies Chapter 28: Groups of Companies and Reorganisations PART FOUR: MISCELLANEOUS Chapter 29: Value Added Tax (1) Chapter 30: Value Added Tax (2) Chapter 31: Inheritance Tax Chapter 32: Overseas Aspects of Taxation Review Questions (Set D) PART FIVE: ANSWERS Answers to Exercises Answers to Review Questions | ||
| 650 |
_aGreat Britain. -- Finance Act 2003. _xProblems, exercises, |
||
| 650 |
_aTaxation -- Great Britain _xGreat Britain. -- Finance Act, 2004. |
||
| 700 | _aAlan Melville | ||
| 942 | _cBK | ||